[Event "Nuremberg Zabo op 23rd"]
[Site "Nuremberg"]
[Date "2023.09.16"]
[Round "3"]
[White "Thuerauf, Peter"]
[Black "Galter, Norbert"]
[Result "1-0"]
[WhiteElo "1796"]
[BlackElo "1459"]
[PlyCount "129"]
[EventDate "2023.09.15"]
[EventType "swiss"]
[EventRounds "5"]
[EventCountry "GER"]
[SourceTitle "CBM 216 Extra"]
[Source "ChessBase"]
[SourceDate "2023.11.30"]
[SourceVersion "1"]
[SourceVersionDate "2023.11.30"]
[SourceQuality "1"]

1. d4 d5 2. Nf3 Nf6 3. c4 c6 4. cxd5 cxd5 5. Nc3 Bf5 6. Bf4 e6 7. e3 Bb4 8. Qa4+ Nc6 9. Bb5 Bxc3+ 10. bxc3 Qb6 11. Ne5 Rc8 12. Nxc6 bxc6 13. Ba6 0-0 14. Bxc8 Rxc8 15. Qb4 Qa6 16. f3 Nd7 17. a4 Bd3 18. Bd6 Nf6 19. Kf2 Nd7 20. a5 h6 21. Ra2 e5 22. Rb2 exd4 23. cxd4 Bb5 24. Rc1 Qb7 25. Bf4 a6 26. Qe7 c5 27. dxc5 Qc6 28. Bd6 Nf6 29. Be5 Nd7 30. Bd4 Nf8 31. Rc3 Ne6 32. Rcc2 Nxd4 33. exd4 Qg6 34. Rc3 Re8 35. Qd6 Qg5 36. Qg3 Qf6 37. Rd2 Qe6 38. Qe5 Qg6 39. Qf4 Qb1 40. Re3 Rc8 41. Re7 Rf8 42. Re5 Rd8 43. Re1 Qg6 44. Qg4 Qf6 45. Re5 Bd7 46. Qg3 Bb5 47. Re1 Qf5 48. Qh4 f6 49. Qg4 Qxg4 50. fxg4 g5 51. Rc2 Rc8 52. g3 Kg7 53. Rc3 Kg6 54. Rce3 Rf8 55. Re6 Kf7 56. Re7+ Kg6 57. R1e6 Rc8 58. Rd6 Rb8 59. Ree6 Rf8 60. c6 h5 61. gxh5+ Kxh5 62. h3 Kg6 63. c7 Rh8 64. Rxf6+ Kh5 65. g4+ 1-0

[Event "Nuremberg op"]
[Site "Nuremberg"]
[Date "2019.11.17"]
[Round "4"]
[White "Thuerauf, Peter"]
[Black "Braun, Kristin"]
[Result "1/2-1/2"]
[WhiteElo "1845"]
[BlackElo "1952"]
[PlyCount "35"]
[EventDate "2019.11.15"]
[EventType "swiss"]
[EventRounds "5"]
[EventCountry "GER"]
[SourceTitle "CBM 193 Extra"]
[Source "ChessBase"]
[SourceDate "2020.01.31"]
[SourceVersion "1"]
[SourceVersionDate "2020.01.31"]
[SourceQuality "1"]

1. d4 Nf6 2. Nf3 g6 3. g3 Bg7 4. Bg2 0-0 5. 0-0 d6 6. c4 Nc6 7. Nc3 e5 8. h3 a6 9. Be3 Rb8 10. Rc1 exd4 11. Nxd4 Nxd4 12. Bxd4 Be6 13. b3 Qd7 14. Kh2 Rfd8 15. e4 b5 16. Nd5 Ne8 17. Bxg7 Kxg7 18. Qd4+ 1/2-1/2

[Event "Mittelfranken-chTB2b 1819"]
[Site "Mittelfranken"]
[Date "2018.10.14"]
[Round "1.6"]
[White "Thuerauf, Peter"]
[Black "Weber, Willibald"]
[Result "1/2-1/2"]
[WhiteElo "1813"]
[BlackElo "1631"]
[PlyCount "72"]
[EventDate "2018.10.14"]
[EventType "team-tourn"]
[EventRounds "9"]
[EventCountry "GER"]
[SourceTitle "EXT 2022"]
[Source "ChessBase"]
[SourceDate "2021.10.06"]
[SourceVersion "1"]
[SourceVersionDate "2021.10.06"]
[SourceQuality "1"]
[WhiteTeam "Nuernberg Sued SW III"]
[BlackTeam "Nuernberg Anderssen"]
[WhiteTeamCountry "GER"]
[BlackTeamCountry "GER"]

1. d4 Nf6 2. Nf3 g6 3. c4 Bg7 4. g3 0-0 5. Bg2 c6 6. 0-0 e6 7. Nc3 d5 8. cxd5 exd5 9. Bg5 Re8 10. Rc1 Qb6 11. Bxf6 Bxf6 12. Qd2 Bg4 13. e3 Nd7 14. b3 Bg7 15. Na4 Qd8 16. Nc5 Nxc5 17. Rxc5 Bf8 18. Rcc1 Ba3 19. Rb1 a5 20. Ne1 Bb4 21. Qb2 Qb6 22. a3 Bd6 23. Nd3 Bf5 24. Rfd1 Be4 25. Rbc1 Bxg2 26. Kxg2 Qd8 27. Nc5 Qe7 28. b4 axb4 29. axb4 Rec8 30. Kg1 b6 31. Nd3 c5 32. bxc5 bxc5 33. dxc5 Bxc5 34. Nxc5 Rxc5 35. Rxc5 Qxc5 36. Qe5 Ra5 1/2-1/2

[Event "Nuremberg Zabo op 19th"]
[Site "Nuremberg"]
[Date "2017.09.17"]
[Round "4"]
[White "Hoffmann, Sebastian1"]
[Black "Thuerauf, Peter"]
[Result "1-0"]
[WhiteElo "2028"]
[BlackElo "1810"]
[PlyCount "95"]
[EventDate "2017.09.15"]
[EventType "swiss"]
[EventRounds "5"]
[EventCountry "GER"]
[SourceTitle "EXT 2022"]
[Source "ChessBase"]
[SourceDate "2021.10.06"]
[SourceVersion "1"]
[SourceVersionDate "2021.10.06"]
[SourceQuality "1"]

1. e4 c5 2. c3 Nf6 3. e5 Nd5 4. d4 cxd4 5. Nf3 Nc6 6. Bc4 Nb6 7. Bb3 d6 8. exd6 Qxd6 9. 0-0 e6 10. cxd4 Be7 11. Nc3 a6 12. Be3 Nd5 13. Qe2 0-0 14. Rac1 Nxc3 15. bxc3 Bd7 16. Bc2 Bf6 17. Ng5 Bxg5 18. Bxg5 h6 19. Be3 Ne7 20. Qg4 f5 21. Bf4 Qc6 22. Qg3 Rf6 23. Bd1 g5 24. Be5 Rf7 25. Bh5 Rh7 26. f4 Be8 27. Bxe8 Rxe8 28. fxg5 Kf7 29. Rf3 Rg8 30. h4 hxg5 31. hxg5 Rh5 32. Bf6 Nd5 33. Qe5 Rg6 34. Bd8 Qd7 35. g4 Qxd8 36. gxh5 Qxg5+ 37. Kf1 Qg2+ 38. Ke1 Rg4 39. Qe2 Qh1+ 40. Kd2 Qxh5 41. Rcf1 Qg5+ 42. Kc2 Rg2 43. R1f2 Rg1 44. Qd2 Qg4 45. Qe2 Qg5 46. Qd2 Qg4 47. Qd3 Qg5 48. Rxf5+ 1-0

[Event "Mittelfranken-chTB2a 1617"]
[Site "Mittelfranken"]
[Date "2017.01.22"]
[Round "5.2"]
[White "Seubert, Holger"]
[Black "Thuerauf, Peter"]
[Result "1/2-1/2"]
[WhiteElo "1940"]
[BlackElo "1810"]
[PlyCount "105"]
[EventDate "2016.10.23"]
[EventType "team-tourn"]
[EventRounds "9"]
[EventCountry "GER"]
[SourceTitle "EXT 2022"]
[Source "ChessBase"]
[SourceDate "2021.10.06"]
[SourceVersion "1"]
[SourceVersionDate "2021.10.06"]
[SourceQuality "1"]
[WhiteTeam "Erlangen Siemens"]
[BlackTeam "Nuernberg Sued SW IV"]
[WhiteTeamCountry "GER"]
[BlackTeamCountry "GER"]

1. d4 d5 2. e4 dxe4 3. Nc3 Nf6 4. f3 e3 5. Bxe3 e6 6. Bc4 Be7 7. Qd2 0-0 8. Nh3 Nd5 9. Ne4 Nxe3 10. Qxe3 Nd7 11. 0-0-0 Nf6 12. Rhe1 c6 13. Nc5 Nd5 14. Qd2 b6 15. Nd3 Qd6 16. Ng5 Bxg5 17. Qxg5 Bb7 18. Re4 Qd8 19. Qg3 Qc7 20. Qh3 Rae8 21. Rh4 h6 22. Re1 c5 23. dxc5 bxc5 24. Re5 Nb4 25. Reh5 Nxd3+ 26. Bxd3 f5 27. Kb1 Qe5 28. Qg3 Qxg3 29. hxg3 Rd8 30. b3 Rd4 31. Rh1 Rfd8 32. Re1 Bc8 33. Re2 Kf8 34. Rh1 R4d6 35. Kb2 Kf7 36. Rhe1 Ba6 37. Bxa6 Rxa6 38. Re5 Rc6 39. Kc3 Rd5 40. R1e2 Rdd6 41. Kc4 a6 42. Rxc5 Rb6 43. Kc3 Kf6 44. a4 h5 45. a5 Rb7 46. Rd2 Ke7 47. Rc8 Rxd2 48. Kxd2 Rb5 49. Rh8 g6 50. f4 Rxa5 51. Ra8 Kf6 52. b4 Ra4 53. Rb8 1/2-1/2

[Event "Mittelfranken Mitte-ch"]
[Site "Nuremberg"]
[Date "2017.01.05"]
[Round "1"]
[White "Barnowski, Roman"]
[Black "Thuerauf, Peter"]
[Result "0-1"]
[WhiteElo "1424"]
[BlackElo "1842"]
[PlyCount "88"]
[EventDate "2017.01.05"]
[EventType "swiss"]
[EventRounds "7"]
[EventCountry "GER"]
[SourceTitle "EXT 2018"]
[Source "ChessBase"]
[SourceDate "2017.10.13"]
[SourceVersion "1"]
[SourceVersionDate "2017.10.13"]
[SourceQuality "1"]

1. Nf3 c5 2. g3 Nc6 3. Bg2 d5 4. d4 cxd4 5. Nxd4 e5 6. Nxc6 bxc6 7. 0-0 Nf6 8. b3 Be7 9. Bb2 Qc7 10. Nd2 0-0 11. e3 Bg4 12. f3 Be6 13. Rc1 Rab8 14. c4 Qb6 15. Qe2 d4 16. exd4 exd4 17. Kh1 c5 18. f4 Rfe8 19. f5 Bd7 20. g4 Bd6 21. Qd1 Bc6 22. h3 Re3 23. Kg1 Bxg2 24. Kxg2 Rg3+ 25. Kf2 Rxh3 26. Rh1 Rxh1 27. Qxh1 Nxg4+ 28. Ke1 Re8+ 29. Ne4 Nf6 30. Rc2 Rxe4+ 31. Re2 Qc6 32. Kd1 Qe8 33. Qg2 Rxe2 34. Qxe2 Ne4 35. Qg2 f6 36. Qe2 Nc3+ 37. Bxc3 Qxe2+ 38. Kxe2 dxc3 39. Kd3 Be5 40. a3 a5 41. Kc2 g5 42. fxg6 hxg6 43. b4 cxb4 44. axb4 axb4 0-1

[Event "Mittelfranken-chTB2b 1516"]
[Site "Mittelfranken"]
[Date "2016.02.28"]
[Round "7.2"]
[White "Thuerauf, Peter"]
[Black "Boehme, Markus"]
[Result "1-0"]
[WhiteElo "1768"]
[BlackElo "1962"]
[PlyCount "75"]
[EventDate "2015.10.18"]
[EventType "team-tourn"]
[EventRounds "9"]
[EventCountry "GER"]
[SourceTitle "EXT 2020"]
[Source "ChessBase"]
[SourceDate "2019.10.17"]
[SourceVersion "1"]
[SourceVersionDate "2019.10.17"]
[SourceQuality "1"]
[WhiteTeam "Nuernberg Sued SW V"]
[BlackTeam "Uttenreuth"]
[WhiteTeamCountry "GER"]
[BlackTeamCountry "GER"]

1. d4 d5 2. Nf3 Nf6 3. c4 e6 4. Bg5 Be7 5. e3 0-0 6. cxd5 exd5 7. Qc2 c6 8. Bd3 Nbd7 9. 0-0 Re8 10. Nc3 h6 11. Bh4 Ne4 12. Bxe4 Bxh4 13. Bh7+ Kh8 14. Bd3 Be7 15. Rac1 Nf6 16. Ne5 Kg8 17. h3 Nd7 18. Bh7+ Kf8 19. f4 Nxe5 20. fxe5 Be6 21. Rf3 Bb4 22. Ne2 Ke7 23. a3 Ba5 24. b4 Bb6 25. Rcf1 Rf8 26. Nf4 Qd7 27. Bg6 f6 28. Bd3 Bf7 29. Bf5 Qc7 30. exf6+ gxf6 31. Bg6 Qd6 32. Bxf7 Rxf7 33. Ng6+ Kd8 34. Ne5 Rf8 35. Qg6 Qe7 36. Rxf6 Rxf6 37. Rxf6 Rc8 38. Rf7 1-0

[Event "Mittelfranken-chTB2b 1516"]
[Site "Mittelfranken"]
[Date "2016.02.14"]
[Round "6.2"]
[White "Hanisch, Friedrich"]
[Black "Thuerauf, Peter"]
[Result "1-0"]
[WhiteElo "2054"]
[BlackElo "1768"]
[PlyCount "99"]
[EventDate "2015.10.18"]
[EventType "team-tourn"]
[EventRounds "9"]
[EventCountry "GER"]
[SourceTitle "EXT 2020"]
[Source "ChessBase"]
[SourceDate "2019.10.17"]
[SourceVersion "1"]
[SourceVersionDate "2019.10.17"]
[SourceQuality "1"]
[WhiteTeam "Lauf SV"]
[BlackTeam "Nuernberg Sued SW V"]
[WhiteTeamCountry "GER"]
[BlackTeamCountry "GER"]

1. d4 d5 2. c4 e6 3. Nc3 Nf6 4. cxd5 exd5 5. Bg5 Be7 6. Qc2 0-0 7. e3 h6 8. Bh4 c5 9. dxc5 Nbd7 10. Nf3 Nxc5 11. Bd3 Be6 12. 0-0 Rc8 13. Nd4 a6 14. Rac1 Nfe4 15. Bxe7 Qxe7 16. Qe2 Nxd3 17. Qxd3 Nxc3 18. Rxc3 Rxc3 19. Qxc3 Rc8 20. Qd2 Qc5 21. h3 Qc4 22. a3 Qc5 23. f4 Bd7 24. Kh2 Qc4 25. Rg1 Qc7 26. Kh1 Qc5 27. g4 Qe7 28. Qf2 Qe4+ 29. Qf3 Qxf3+ 30. Nxf3 Rc2 31. Rg2 Ba4 32. Rxc2 Bxc2 33. Kg1 Kf8 34. Kf2 Ke7 35. Nd4 Bd3 36. h4 Kd6 37. Ke1 Kc5 38. Kd2 Be4 39. Kc3 b5 40. b4+ Kb6 41. Nb3 Bf3 42. g5 hxg5 43. hxg5 f6 44. gxf6 gxf6 45. Kd4 Bg2 46. Nc5 f5 47. Ke5 a5 48. Kxf5 axb4 49. axb4 Kc6 50. Ke5 1-0

[Event "Forchheim op-B 14th"]
[Site "Forchheim"]
[Date "2015.10.04"]
[Round "4"]
[White "Thuerauf, Peter"]
[Black "Meier, Manfred1"]
[Result "1/2-1/2"]
[WhiteElo "1835"]
[BlackElo "1800"]
[PlyCount "26"]
[EventDate "2015.10.02"]
[EventType "swiss"]
[EventRounds "5"]
[EventCountry "GER"]
[SourceTitle "EXT 2019"]
[Source "ChessBase"]
[SourceDate "2018.10.10"]
[SourceVersion "1"]
[SourceVersionDate "2018.10.10"]
[SourceQuality "1"]

1. d4 d5 2. Nf3 Nf6 3. c4 c6 4. cxd5 cxd5 5. Nc3 e6 6. Bf4 Bd6 7. Bg3 0-0 8. e3 a6 9. Be2 Nc6 10. 0-0 Re8 11. Ne5 Qe7 12. Rc1 Nd7 13. f4 Bxe5 1/2-1/2